Principios de la imposición / (Record no. 111795)

MARC details
000 -LEADER
campo de control de longitud fija 00731nam a2200205 4500
001 - NÚMERO DE CONTROL
campo de control 111795
003 - IDENTIFICADOR DE NÚMERO DE CONTROL
campo de control ES-MaACL
005 - FECHA Y HORA DE LA ÚLTIMA TRANSACCIÓN
campo de control 20250820215424.0
007 - CAMPO FIJO DE DESCRIPCIÓN FÍSICA--INFORMACIÓN GENERAL
campo de control de longitud fija t|
008 - DATOS DE LONGITUD FIJA--INFORMACIÓN GENERAL
campo de control de longitud fija 061121s1974 sp r ||||1| spa d
100 1# - ENTRADA PRINCIPAL--NOMBRE DE PERSONA
Nombre de persona Neumark, Fritz.
9 (RLIN) 85453
245 10 - MENCIÓN DEL TÍTULO
Título Principios de la imposición /
Mención de responsabilidad, etc. Fritz Neumark; introducción por Enrique Fuentes Quintana; [traducción de José Zamit Ferrer].
260 ## - PUBLICACIÓN, DISTRIBUCIÓN, ETC.
Lugar de publicación, distribución, etc. Madrid :
Nombre del editor, distribuidor, etc. Instituto de Estudios Fiscales,
Fecha de publicación, distribución, etc. 1974.
300 ## - DESCRIPCIÓN FÍSICA
Extensión XLVII, 478 p. ;
Dimensiones 24 cm.
700 1# - ENTRADA AGREGADA--NOMBRE PERSONAL
Nombre de persona Fuentes Quintana, Enrique,
Fechas asociadas al nombre 1924-2007
9 (RLIN) 52942
700 1# - ENTRADA AGREGADA--NOMBRE PERSONAL
Nombre de persona Zamit Ferrer, José.
9 (RLIN) 117926
710 2# - ENTRADA AGREGADA--NOMBRE DE ENTIDAD CORPORATIVA
Nombre de entidad corporativa o nombre de jurisdicción como elemento de entrada Instituto de Estudios Fiscales (España)
9 (RLIN) 169207
852 ## - LOCALIZACIÓN
Ubicación ES-MaACL
Número de control de estantería L-661
Sublocalización o colección R.101600
Holdings
Estatus retirado Estado de pérdida Estado de daño No para préstamo Biblioteca de origen Biblioteca actual Ubicación en estantería Fecha de adquisición Fuente de adquisición Total de préstamos Signatura topográfica completa Código de barras Visto por última vez Precio de reemplazo Tipo de ítem Koha
        Biblioteca del Ateneo de Madrid Biblioteca del Ateneo de Madrid Depósito 2 17/01/2008     L-661 1116619 23/02/2023 23/02/2023 Libro impreso